[Event "13. Hogeschool Zeeland Tournament"]
[Site "Vlissingen NED"]
[Date "2009.08.03"]
[Round "4.30"]
[White "Freeke, Matthieu"]
[Black "Lukas, Manfred"]
[Result "1-0"]
[WhiteElo "2264"]
[BlackElo "2037"]
[PlyCount "59"]
[EventDate "2009.08.01"]
[EventType "swiss"]
[EventRounds "9"]
[EventCountry "NED"]
[Source "lmi"]
[SourceDate "2009.08.01"]

1. d4 Nf6 2. Nf3 c5 3. d5 c4 4. e4 Nxe4 5. Bxc4 b5 6. Bb3 Qa5+ 7. c3 Bb7 8. O-O
e6 9. Re1 Nf6 10. Ng5 Be7 11. dxe6 dxe6 12. Bxe6 fxe6 13. Nxe6 Kf7 14. Ng5+ Ke8
15. Bf4 Nc6 16. Qb3 Rf8 17. Na3 Qa4 18. Qxb5 Qxb5 19. Nxb5 Nd5 20. Bg3 Rd8 21.
Nd6+ Rxd6 22. Bxd6 Kd7 23. Bxe7 Ndxe7 24. Rad1+ Kc8 25. Nxh7 Rf5 26. Rd3 Ne5
27. Rde3 N7g6 28. f4 Ng4 29. Re8+ Kc7 30. h3 1-0

[Event "13. Hogeschool Zeeland Tournament"]
[Site "Vlissingen NED"]
[Date "2009.08.03"]
[Round "4.31"]
[White "Van der Zalm, Marnix"]
[Black "Rajesh, V A V."]
[Result "0-1"]
[WhiteElo "2074"]
[BlackElo "2249"]
[PlyCount "104"]
[EventDate "2009.08.01"]
[EventType "swiss"]
[EventRounds "9"]
[EventCountry "NED"]
[Source "lmi"]
[SourceDate "2009.08.01"]

1. d4 Nf6 2. c4 g6 3. Nc3 Bg7 4. e4 d6 5. f4 O-O 6. Nf3 c5 7. d5 e6 8. Be2 exd5
9. cxd5 Bg4 10. O-O Bxf3 11. Bxf3 Nbd7 12. Re1 Ne8 13. Re2 a6 14. Qe1 Qb8 15.
a4 c4 16. Be3 b6 17. Qg3 b5 18. axb5 axb5 19. Rae1 b4 20. Nd1 Ra2 21. Qf2 Qb5
22. Bd4 Nef6 23. g4 h6 24. h4 Ne8 25. Bxg7 Kxg7 26. Qd4+ f6 27. Ne3 Ne5 28.
fxe5 fxe5 29. Qxc4 Qxc4 30. Nxc4 Rxf3 31. Kg2 Rf4 32. Kg3 Ra7 33. g5 Raf7 34.
Re3 h5 35. Rb3 Rg4+ 36. Kh3 Rff4 37. Rxb4 Rxh4+ 38. Kg3 Rxe4 39. Rxe4 Rxe4 40.
Rb7+ Kf8 41. Nb6 Rg4+ 42. Kh3 Rxg5 43. Nd7+ Kg8 44. Rb8 Kf7 45. Rb7 e4 46. Nc5+
Kg8 47. Nxe4 Rxd5 48. Rb8 Kf7 49. b4 Re5 50. Ng3 Nf6 51. b5 Re3 52. Kg2 Rb3 0-1

[Event "13. Hogeschool Zeeland Tournament"]
[Site "Vlissingen NED"]
[Date "2009.08.03"]
[Round "4.32"]
[White "Lagrain, Jan"]
[Black "Padmini, Rout"]
[Result "0-1"]
[WhiteElo "2063"]
[BlackElo "2243"]
[PlyCount "108"]
[EventDate "2009.08.01"]
[EventType "swiss"]
[EventRounds "9"]
[EventCountry "NED"]
[Source "lmi"]
[SourceDate "2009.08.01"]

1. e4 c5 2. Nc3 d6 3. g3 g6 4. Bg2 Bg7 5. d3 Nc6 6. f4 e6 7. Nf3 Nge7 8. O-O
O-O 9. Be3 Nd4 10. e5 Bd7 11. Ne4 Nef5 12. Bf2 Nxf3+ 13. Bxf3 Bc6 14. c3 h5 15.
Nxd6 Nxd6 16. Bxc6 bxc6 17. exd6 Qxd6 18. Qe2 Rab8 19. Rfd1 Rfd8 20. Rd2 Qd5
21. Be3 Rb7 22. Rc1 Rbd7 23. Rcd1 Bf8 24. b3 e5 25. f5 gxf5 26. Qxh5 Qe6 27.
Qg5+ Qg6 28. Qxg6+ fxg6 29. Kg2 Be7 30. Kf3 Kf7 31. Ke2 g5 32. Kf3 g4+ 33. Ke2
Rh8 34. Kf1 Rhd8 35. Ke2 Kg6 36. Rc1 Bg5 37. Bxc5 f4 38. d4 f3+ 39. Kd3 Kf5 40.
Re1 Re8 41. Re4 Re6 42. Ba3 exd4 43. Rxe6 Kxe6 44. cxd4 Rf7 45. Bc5 Kd5 46. Rf2
a6 47. Bb4 Bh6 48. Be1 Re7 49. Bd2 Bg7 50. Bc3 Re4 51. b4 Bh6 52. a3 Re3+ 53.
Kc2 Kc4 54. Bd2 Rxa3 0-1

[Event "13. Hogeschool Zeeland Tournament"]
[Site "Vlissingen NED"]
[Date "2009.08.03"]
[Round "4.33"]
[White "Meulblok, Willy"]
[Black "Duchene, Rene"]
[Result "0-1"]
[WhiteElo "2051"]
[BlackElo "2216"]
[PlyCount "92"]
[EventDate "2009.08.01"]
[EventType "swiss"]
[EventRounds "9"]
[EventCountry "NED"]
[Source "lmi"]
[SourceDate "2009.08.01"]

1. e4 e6 2. d4 d5 3. Nd2 Nf6 4. e5 Nfd7 5. Bd3 c5 6. c3 Nc6 7. Ne2 cxd4 8. cxd4
f6 9. exf6 Nxf6 10. Nf3 Bd6 11. O-O O-O 12. Bg5 Qb6 13. Nc3 Bd7 14. Re1 Kh8 15.
Bf1 Ne7 16. a3 Qxb2 17. Na4 Bxa4 18. Qxa4 Ne4 19. Bxe7 Bxe7 20. Rab1 Qxf2+ 21.
Kh1 Nc3 22. Qb3 Rxf3 23. gxf3 Bd6 24. Bg2 Qh4 25. h3 Qg3 26. Kg1 Nxb1 27. Rxb1
Rf8 28. Qe3 b6 29. Rb3 e5 30. Qe2 e4 31. Re3 Bf4 32. Rc3 exf3 33. Rxf3 Qh2+ 34.
Kf1 Rc8 35. Kf2 h6 36. Rd3 Rc1 37. Rd1 Qg3+ 38. Kg1 Be3+ 39. Kh1 Bf4 40. Kg1
Be3+ 41. Kh1 Rxd1+ 42. Qxd1 Bf4 43. Kg1 Qe3+ 44. Kh1 Qxa3 45. Bxd5 Qxh3+ 46.
Kg1 Be3# 0-1

[Event "13. Hogeschool Zeeland Tournament"]
[Site "Vlissingen NED"]
[Date "2009.08.03"]
[Round "4.34"]
[White "Kerkvliet, Max"]
[Black "Dek, Lennart"]
[Result "0-1"]
[WhiteElo "2037"]
[BlackElo "2205"]
[PlyCount "102"]
[EventDate "2009.08.01"]
[EventType "swiss"]
[EventRounds "9"]
[EventCountry "NED"]
[Source "lmi"]
[SourceDate "2009.08.01"]

1. d4 e6 2. c4 Nf6 3. Nc3 Bb4 4. Bg5 O-O 5. Nf3 c5 6. a3 Bxc3+ 7. bxc3 Qa5 8.
Bd2 d6 9. Qc2 Qc7 10. Bf4 Nbd7 11. e3 Re8 12. Be2 e5 13. Bg3 Nf8 14. O-O Bd7
15. Rfe1 Ng6 16. Nd2 Bc6 17. Rab1 Ne7 18. h3 Bd7 19. f4 Bf5 20. e4 exf4 21.
Bxf4 Ng6 22. exf5 Nxf4 23. Bf3 d5 24. Kf1 Rad8 25. Rxe8+ Rxe8 26. Re1 Rxe1+ 27.
Kxe1 g6 28. fxg6 hxg6 29. Kf2 dxc4 30. Nxc4 b5 31. Ne3 c4 32. Ng4 Nd3+ 33. Kg1
Nxg4 34. Bxg4 Qe7 35. Qd2 Qxa3 36. Bd7 b4 37. cxb4 Qxb4 38. Qxb4 Nxb4 39. Kf2
c3 40. Ke3 Kf8 41. g4 g5 42. Ba4 Ke7 43. Bb3 a5 44. Ba4 Kd6 45. Bb3 f6 46. Ke2
Kc6 47. Kd1 Kb5 48. Kc1 a4 49. Bf7 a3 50. Kb1 a2+ 51. Bxa2 Nxa2 0-1

[Event "13. Hogeschool Zeeland Tournament"]
[Site "Vlissingen NED"]
[Date "2009.08.03"]
[Round "4.35"]
[White "Roggeveen, Wouter"]
[Black "Kiran, Manisha Mohanty"]
[Result "0-1"]
[WhiteElo "2025"]
[BlackElo "2203"]
[PlyCount "132"]
[EventDate "2009.08.01"]
[EventType "swiss"]
[EventRounds "9"]
[EventCountry "NED"]
[Source "lmi"]
[SourceDate "2009.08.01"]

1. e4 c5 2. Nf3 Nc6 3. d4 cxd4 4. Nxd4 Nf6 5. Nc3 d6 6. Be2 g6 7. O-O Bg7 8.
Be3 O-O 9. Kh1 d5 10. exd5 Nxd5 11. Nxd5 Qxd5 12. c3 Nxd4 13. Bxd4 Bxd4 14.
Qxd4 Qxd4 15. cxd4 Rd8 16. Rfd1 Be6 17. Bf3 Bd5 18. Bxd5 Rxd5 19. Rac1 Rad8 20.
g3 Rxd4 21. Rxd4 Rxd4 22. Rc7 Rb4 23. b3 Kf8 24. Rc8+ Kg7 25. Kg2 Rb6 26. Rc7
Kf6 27. Kf3 Ke6 28. Rc4 Ra6 29. Re4+ Kd7 30. Re2 Re6 31. Rc2 Rc6 32. Re2 f6 33.
Kg4 e6 34. h4 Rc5 35. Rd2+ Rd5 36. Rc2 Rd4+ 37. Kf3 e5 38. Ke3 Ke6 39. Rc7 Rd7
40. Rc8 f5 41. Re8+ Kf6 42. Rf8+ Kg7 43. Rc8 e4 44. Rc3 Kh6 45. f3 Re7 46. fxe4
Rxe4+ 47. Kf3 Re7 48. Kf4 Kg7 49. Kf3 Kf6 50. g4 h6 51. gxf5 gxf5 52. Rd3 Kg6
53. Rd5 Rf7 54. Kf4 Kh5 55. Rd6 Rh7 56. Rd2 Rc7 57. Kxf5 Rf7+ 58. Ke6 Rf4 59.
Rd5+ Kxh4 60. Rb5 b6 61. Kd6 h5 62. Kc6 Rf7 63. a4 Kg4 64. b4 h4 65. a5 h3 66.
axb6 h2 0-1

[Event "13. Hogeschool Zeeland Tournament"]
[Site "Vlissingen NED"]
[Date "2009.08.03"]
[Round "4.36"]
[White "Boulahfa, Hicham"]
[Black "Van Hoeve, Ab"]
[Result "1/2-1/2"]
[WhiteElo "2022"]
[BlackElo "2198"]
[PlyCount "92"]
[EventDate "2009.08.01"]
[EventType "swiss"]
[EventRounds "9"]
[EventCountry "NED"]
[Source "lmi"]
[SourceDate "2009.08.01"]

1. e4 e6 2. d4 d5 3. Nc3 Nf6 4. e5 Nfd7 5. f4 c5 6. Nf3 Nc6 7. Be3 cxd4 8. Nxd4
Bc5 9. Qd2 O-O 10. O-O-O a6 11. h4 Nxd4 12. Bxd4 b5 13. Rh3 b4 14. Na4 Bxd4 15.
Qxd4 Qa5 16. b3 Bb7 17. c3 Rac8 18. Kb2 bxc3+ 19. Rxc3 Rxc3 20. Qxc3 Qxc3+ 21.
Nxc3 f6 22. exf6 gxf6 23. f5 Kf7 24. fxe6+ Kxe6 25. g4 Ne5 26. Rd4 a5 27. Bg2
Rd8 28. Ne2 Ng6 29. h5 Ne7 30. Nf4+ Ke5 31. Ra4 Nc6 32. Nd3+ Kd6 33. Rf4 Rf8
34. a3 Ba6 35. Kc3 Bxd3 36. Kxd3 Ne5+ 37. Kd2 Kc5 38. g5 Rg8 39. b4+ axb4 40.
axb4+ Kb5 41. Bf1+ Nc4+ 42. Bxc4+ dxc4 43. gxf6 Kxb4 44. f7 Rf8 45. Kc2 Kc5 46.
Kc3 Kd6 1/2-1/2

[Event "13. Hogeschool Zeeland Tournament"]
[Site "Vlissingen NED"]
[Date "2009.08.03"]
[Round "4.37"]
[White "Zilverberg, Jasper"]
[Black "Vroombout, Enrico"]
[Result "1/2-1/2"]
[WhiteElo "2015"]
[BlackElo "2190"]
[PlyCount "51"]
[EventDate "2009.08.01"]
[EventType "swiss"]
[EventRounds "9"]
[EventCountry "NED"]
[Source "lmi"]
[SourceDate "2009.08.01"]

1. c4 e5 2. g3 Nc6 3. Bg2 f5 4. Nc3 Nf6 5. d3 Bb4 6. Bd2 d6 7. a3 Bxc3 8. Bxc3
O-O 9. Nf3 Qe7 10. O-O Bd7 11. b4 Rae8 12. b5 Nd8 13. Nd2 f4 14. Ne4 Ne6 15.
Nxf6+ Rxf6 16. e3 g5 17. d4 Ng7 18. dxe5 dxe5 19. gxf4 gxf4 20. Bxe5 Qxe5 21.
Qxd7 f3 22. Bh3 Qc5 23. Qd5+ Qxd5 24. cxd5 Re5 25. Rfd1 Rd6 26. Bg4 1/2-1/2

[Event "13. Hogeschool Zeeland Tournament"]
[Site "Vlissingen NED"]
[Date "2009.08.03"]
[Round "4.38"]
[White "Colijn, Stefan"]
[Black "Hawkins, James N H"]
[Result "1-0"]
[WhiteElo "2187"]
[BlackElo "2028"]
[PlyCount "91"]
[EventDate "2009.08.01"]
[EventType "swiss"]
[EventRounds "9"]
[EventCountry "NED"]
[Source "lmi"]
[SourceDate "2009.08.01"]

1. e4 g6 2. d4 Bg7 3. c4 c5 4. Ne2 cxd4 5. Nxd4 Nc6 6. Be3 d6 7. Nc3 Nf6 8. h3
O-O 9. g3 Bd7 10. Rc1 Nxd4 11. Bxd4 Bc6 12. Bg2 Qa5 13. O-O Rfd8 14. a3 a6 15.
b4 Qc7 16. b5 Be8 17. Bxf6 exf6 18. Nd5 Qc5 19. a4 Bd7 20. Qf3 f5 21. exf5 gxf5
22. Ne7+ Kf8 23. Rfe1 Be6 24. Nd5 Re8 25. Nf4 Bxc4 26. Rxe8+ Rxe8 27. Qxb7 axb5
28. axb5 Qxb5 29. Qc6 Qxc6 30. Bxc6 Bb3 31. Bxe8 Kxe8 32. Rb1 Bc4 33. Kg2 Kd7
34. Kf3 Kc6 35. Ke3 d5 36. Ne2 Kc5 37. Rd1 f4+ 38. Nxf4 d4+ 39. Ke4 Bb3 40.
Rc1+ Kb4 41. Rc7 Bc4 42. Nd3+ Kb3 43. g4 Bf6 44. f4 h6 45. Rc6 Bg7 46. f5 1-0

[Event "13. Hogeschool Zeeland Tournament"]
[Site "Vlissingen NED"]
[Date "2009.08.03"]
[Round "4.39"]
[White "Lacrosse, Marc"]
[Black "Van de Groep, William"]
[Result "1-0"]
[WhiteElo "2184"]
[BlackElo "2025"]
[PlyCount "87"]
[EventDate "2009.08.01"]
[EventType "swiss"]
[EventRounds "9"]
[EventCountry "NED"]
[Source "lmi"]
[SourceDate "2009.08.01"]

1. d4 g6 2. c4 Bg7 3. e4 c5 4. d5 d6 5. Nc3 Nf6 6. h3 O-O 7. Nf3 e5 8. Be2 Na6
9. O-O Bd7 10. Ne1 Ne8 11. f4 exf4 12. Bxf4 f5 13. Qd2 Nac7 14. Bd3 Rb8 15. Nf3
fxe4 16. Nxe4 Bf5 17. Bg5 Qc8 18. Rae1 Bxe4 19. Rxe4 b5 20. b3 bxc4 21. Bxc4
Nb5 22. Bxb5 Rxb5 23. Rfe1 Rb7 24. Be7 Rxf3 25. gxf3 Qxh3 26. Qg2 Bd4+ 27. Kf1
Qf5 28. Qg4 Qxg4 29. fxg4 Rd7 30. Bg5 Nc7 31. Re7 Rxe7 32. Rxe7 Nxd5 33. Rxa7
Nc3 34. a4 h5 35. gxh5 gxh5 36. a5 Ne4 37. Bc1 Kf8 38. a6 c4 39. Ra8+ Ke7 40.
bxc4 Kd7 41. a7 Bxa7 42. Rxa7+ Kc6 43. Ra5 h4 44. Kg2 1-0

[Event "13. Hogeschool Zeeland Tournament"]
[Site "Vlissingen NED"]
[Date "2009.08.03"]
[Round "4.40"]
[White "In 't Veld, Daan"]
[Black "Roessler, Wolfgang"]
[Result "1-0"]
[WhiteElo "2173"]
[BlackElo "2020"]
[PlyCount "80"]
[EventDate "2009.08.01"]
[EventType "swiss"]
[EventRounds "9"]
[EventCountry "NED"]
[Source "lmi"]
[SourceDate "2009.08.01"]

1. e4 d5 2. exd5 Qxd5 3. Nc3 Qa5 4. d4 c6 5. Bd2 Nf6 6. Bd3 Qd8 7. Nge2 g6 8.
Qc1 h5 9. Bg5 Bg7 10. Qd2 a5 11. Ne4 Nxe4 12. Bxe4 Be6 13. O-O Bd5 14. Bxd5
Qxd5 15. Rfe1 f6 16. Be3 Qf7 17. Qd3 Na6 18. c4 O-O 19. Bd2 e5 20. Bxa5 exd4
21. Nxd4 Rfe8 22. Nb3 f5 23. Bc3 Rad8 24. Rxe8+ Qxe8 25. Qc2 Bxc3 26. Qxc3 Qe2
27. h4 Kh7 28. Re1 Rd1 29. Rxd1 Qxd1+ 30. Kh2 Qd6+ 31. Kg1 Qd1+ 32. Kh2 Qd6+
33. Kh3 f4 34. Nd4 Nc5 35. Nf3 Ne4 36. Qe1 c5 37. Qxe4 Qd1 38. Qe7+ Kg8 39.
Qe8+ Kg7 40. Qe7+ Kg8 1-0

[Event "13. Hogeschool Zeeland Tournament"]
[Site "Vlissingen NED"]
[Date "2009.08.03"]
[Round "4.41"]
[White "Veldhuijsen, Klaas"]
[Black "Van der Linde, Maurits"]
[Result "1/2-1/2"]
[WhiteElo "2013"]
[BlackElo "2171"]
[PlyCount "50"]
[EventDate "2009.08.01"]
[EventType "swiss"]
[EventRounds "9"]
[EventCountry "NED"]
[Source "lmi"]
[SourceDate "2009.08.01"]

1. e4 e5 2. Nf3 Nc6 3. Bc4 Nf6 4. Ng5 d5 5. exd5 Na5 6. Bb5+ c6 7. dxc6 bxc6 8.
Bd3 Nd5 9. Ne4 Nf4 10. O-O Nxd3 11. cxd3 Be7 12. b3 O-O 13. Ba3 f5 14. Nec3
Bxa3 15. Nxa3 Qxd3 16. Re1 Qd6 17. Qc1 e4 18. Na4 Nb7 19. Nc4 Qc7 20. Qc3 Be6
21. d3 Bd5 22. Ne3 Qd6 23. Rad1 Qe6 24. Nxd5 cxd5 25. Qd4 Rfc8 1/2-1/2

[Event "13. Hogeschool Zeeland Tournament"]
[Site "Vlissingen NED"]
[Date "2009.08.03"]
[Round "4.42"]
[White "Plachkinova, Tatjana G"]
[Black "Meenu, Rajendran"]
[Result "1/2-1/2"]
[WhiteElo "2169"]
[BlackElo "2003"]
[PlyCount "42"]
[EventDate "2009.08.01"]
[EventType "swiss"]
[EventRounds "9"]
[EventCountry "NED"]
[Source "lmi"]
[SourceDate "2009.08.01"]

1. d4 Nf6 2. c4 e6 3. Nf3 b6 4. Nc3 Bb7 5. Bg5 h6 6. Bh4 Be7 7. e3 O-O 8. Bd3
c5 9. O-O cxd4 10. Nxd4 d5 11. cxd5 Nxd5 12. Bxe7 Qxe7 13. Rc1 Nb4 14. Bb1 N8c6
15. a3 Nxd4 16. Qxd4 Nd5 17. Nxd5 Bxd5 18. Qd3 g6 19. e4 Bb7 20. Qe3 Kg7 21.
Qg3 Rac8 1/2-1/2

[Event "13. Hogeschool Zeeland Tournament"]
[Site "Vlissingen NED"]
[Date "2009.08.03"]
[Round "4.43"]
[White "Koelmans, Jan Willem"]
[Black "Smits, Sebastiaan"]
[Result "1/2-1/2"]
[WhiteElo "2008"]
[BlackElo "2165"]
[PlyCount "44"]
[EventDate "2009.08.01"]
[EventType "swiss"]
[EventRounds "9"]
[EventCountry "NED"]
[Source "lmi"]
[SourceDate "2009.08.01"]

1. d4 Nf6 2. c4 g6 3. Nc3 Bg7 4. e4 O-O 5. f3 c6 6. Be3 d5 7. cxd5 cxd5 8. e5
Nfd7 9. f4 Nc6 10. Nf3 Nb6 11. h3 f6 12. Be2 Be6 13. O-O Rc8 14. Rc1 Qd7 15.
Qd2 a6 16. b3 Kh8 17. Ne1 fxe5 18. fxe5 Rxf1+ 19. Bxf1 Bxe5 20. dxe5 d4 21. Bf2
dxc3 22. Qxc3 Nd5 1/2-1/2

[Event "13. Hogeschool Zeeland Tournament"]
[Site "Vlissingen NED"]
[Date "2009.08.03"]
[Round "4.44"]
[White "Van Gool, Henk"]
[Black "Camps, Jeroen"]
[Result "1/2-1/2"]
[WhiteElo "2164"]
[BlackElo "1821"]
[PlyCount "77"]
[EventDate "2009.08.01"]
[EventType "swiss"]
[EventRounds "9"]
[EventCountry "NED"]
[Source "lmi"]
[SourceDate "2009.08.01"]

1. d4 d5 2. Nf3 c6 3. g3 Nf6 4. Bg2 Bf5 5. O-O e6 6. b3 Nbd7 7. Bb2 Be7 8. c4
h5 9. Nc3 Ne4 10. Nd2 Nxd2 11. Qxd2 h4 12. e4 dxe4 13. Nxe4 Nf6 14. Nxf6+ Bxf6
15. Rfe1 hxg3 16. hxg3 O-O 17. b4 Qc7 18. Bc3 Rad8 19. Qb2 Rd7 20. Bf3 Rfd8 21.
Rad1 Kh7 22. Kg2 Rh8 23. g4 Bg6 24. Rh1+ Kg8 25. Rxh8+ Kxh8 26. g5 Bxg5 27. d5
f6 28. Rh1+ Kg8 29. Bg4 Re7 30. Bxe6+ Bf7 31. Qc2 Bxe6 32. Qh7+ Kf7 33. Qh5+
Kf8 34. dxe6 Rxe6 35. Qh8+ Kf7 36. Rh7 Kg6 37. Rh3 Kf7 38. Rh7 Kg6 39. Rh3
1/2-1/2

[Event "13. Hogeschool Zeeland Tournament"]
[Site "Vlissingen NED"]
[Date "2009.08.03"]
[Round "4.45"]
[White "Hekhuis, Jeroen"]
[Black "Roos, David"]
[Result "1-0"]
[WhiteElo "2145"]
[BlackElo "1789"]
[PlyCount "55"]
[EventDate "2009.08.01"]
[EventType "swiss"]
[EventRounds "9"]
[EventCountry "NED"]
[Source "lmi"]
[SourceDate "2009.08.01"]

1. d4 Nf6 2. Nf3 c5 3. c4 e6 4. g3 b6 5. Bg2 Bb7 6. O-O Be7 7. Nc3 d6 8. Re1
O-O 9. e4 Nfd7 10. Be3 a6 11. Qc2 Qc7 12. b3 Nc6 13. Rad1 Rac8 14. a3 h6 15. d5
Nce5 16. Nxe5 Nxe5 17. f4 Ng4 18. Bc1 e5 19. Bh3 h5 20. Bxg4 hxg4 21. f5 b5 22.
Qe2 bxc4 23. bxc4 Qb6 24. Bd2 Rb8 25. Rb1 Qc7 26. Qxg4 Ba8 27. Bh6 Bf6 28. Bxg7
1-0

[Event "13. Hogeschool Zeeland Tournament"]
[Site "Vlissingen NED"]
[Date "2009.08.03"]
[Round "4.46"]
[White "Van Cappellen, Jonas"]
[Black "Kahn, Michel"]
[Result "1-0"]
[WhiteElo "2002"]
[BlackElo "2139"]
[PlyCount "73"]
[EventDate "2009.08.01"]
[EventType "swiss"]
[EventRounds "9"]
[EventCountry "NED"]
[Source "lmi"]
[SourceDate "2009.08.01"]

1. e4 e5 2. Nf3 Nc6 3. Nc3 Nf6 4. g3 Bc5 5. Bg2 d6 6. h3 a6 7. d3 h6 8. Qe2 Be6
9. Nd1 Qd7 10. Be3 O-O 11. g4 Bxe3 12. fxe3 d5 13. exd5 Nxd5 14. Nd2 Qe7 15.
O-O Rad8 16. Nc3 Nxc3 17. bxc3 Nb8 18. c4 b6 19. Ne4 a5 20. Qe1 Na6 21. Qg3 f6
22. h4 Nc5 23. Nc3 Kh8 24. Nd5 Bxd5 25. Bxd5 Na4 26. Rf2 Nc3 27. Bg2 f5 28.
Raf1 f4 29. Qh3 e4 30. dxe4 Nxe4 31. Rxf4 Rxf4 32. Rxf4 Nd6 33. Bd5 Qe5 34. Qf3
Qe7 35. g5 hxg5 36. hxg5 Qxg5+ 37. Rg4 1-0

[Event "13. Hogeschool Zeeland Tournament"]
[Site "Vlissingen NED"]
[Date "2009.08.03"]
[Round "4.47"]
[White "Privitera, Franco"]
[Black "Van de Braak, Joey"]
[Result "1-0"]
[WhiteElo "2131"]
[BlackElo "1744"]
[PlyCount "71"]
[EventDate "2009.08.01"]
[EventType "swiss"]
[EventRounds "9"]
[EventCountry "NED"]
[Source "lmi"]
[SourceDate "2009.08.01"]

1. d4 e6 2. Nf3 b6 3. g3 Bb7 4. Bg2 Nf6 5. O-O Be7 6. c4 O-O 7. Nc3 d5 8. Ne5
Ne4 9. Qc2 f5 10. cxd5 exd5 11. e3 Na6 12. a3 Rc8 13. b4 Nxc3 14. Qxc3 c5 15.
bxc5 bxc5 16. Qb3 Rb8 17. Qa4 Qe8 18. Qd7 Kh8 19. Rb1 Bc6 20. Rxb8 Bxd7 21.
Rxe8 Bxe8 22. Bxd5 Nc7 23. Bc4 cxd4 24. exd4 Bb5 25. Re1 Bxc4 26. Nxc4 Bf6 27.
Bf4 Nb5 28. d5 Nd4 29. Kg2 h6 30. Rb1 Kh7 31. Rb8 Rf7 32. Rc8 Rd7 33. d6 Bd8
34. Ne5 Rxd6 35. Nf7 Ra6 36. Rxd8 1-0

[Event "13. Hogeschool Zeeland Tournament"]
[Site "Vlissingen NED"]
[Date "2009.08.03"]
[Round "4.48"]
[White "Nieuwenhuijse, Louis"]
[Black "Grochal, Joey"]
[Result "0-1"]
[WhiteElo "1838"]
[BlackElo "2125"]
[PlyCount "92"]
[EventDate "2009.08.01"]
[EventType "swiss"]
[EventRounds "9"]
[EventCountry "NED"]
[Source "lmi"]
[SourceDate "2009.08.01"]

1. c4 Nf6 2. Nc3 e6 3. d4 d5 4. Bg5 Be7 5. Bxf6 Bxf6 6. e3 O-O 7. f4 c5 8. dxc5
Qa5 9. Qd2 dxc4 10. Bxc4 Rd8 11. Bd3 Bxc3 12. bxc3 Nc6 13. Nf3 Qxc5 14. Nd4 e5
15. Nxc6 bxc6 16. fxe5 Bf5 17. Bxf5 Rxd2 18. Kxd2 Qxe5 19. Rhf1 Rd8+ 20. Ke2 g6
21. Bd3 Qxc3 22. Rad1 Qb2+ 23. Rd2 Qb4 24. Rf4 Qe7 25. Rc2 c5 26. Bc4 Rf8 27.
Bb3 Kg7 28. g3 f6 29. Rfc4 Rc8 30. Rd2 Re8 31. Rd3 Qe5 32. Ra4 Re7 33. Rc4 Qh5+
34. g4 Qxh2+ 35. Kf3 Re5 36. Ra4 Kh6 37. Rf4 Kg5 38. Rc4 Qg1 39. Rdc3 h5 40.
gxh5 gxh5 41. Rxc5 Qf1+ 42. Kg3 h4+ 43. Kh2 Qf2+ 44. Kh1 h3 45. Bd5 Qe1+ 46.
Kh2 Qd2+ 0-1

[Event "13. Hogeschool Zeeland Tournament"]
[Site "Vlissingen NED"]
[Date "2009.08.03"]
[Round "4.49"]
[White "Oude Brunink, Elias"]
[Black "Op den Dries, Johan"]
[Result "1-0"]
[WhiteElo "1602"]
[BlackElo "2118"]
[PlyCount "125"]
[EventDate "2009.08.01"]
[EventType "swiss"]
[EventRounds "9"]
[EventCountry "NED"]
[Source "lmi"]
[SourceDate "2009.08.01"]

1. e4 d5 2. exd5 Nf6 3. c4 e6 4. dxe6 Bxe6 5. d4 Bb4+ 6. Bd2 Qe7 7. Bxb4 Qxb4+
8. Qd2 Nc6 9. Qxb4 Nxb4 10. Na3 O-O-O 11. d5 Bxd5 12. cxd5 Rhe8+ 13. Be2 Nd3+
14. Kf1 Ne4 15. Bg4+ Kb8 16. Nh3 Nxb2 17. g3 Rxd5 18. Kg2 c5 19. Rhe1 c4 20.
Rxe4 Rxe4 21. Bf3 Red4 22. Bxd5 Rxd5 23. Rc1 b5 24. Nf4 Rc5 25. Rc2 Nd1 26. Kf1
g5 27. Nd3 Rf5 28. Rd2 Ne3+ 29. Kg1 Ng4 30. Nb4 Ne5 31. Kg2 a5 32. Nbc2 Nc6 33.
Ne3 Rc5 34. Rd5 Rxd5 35. Nxd5 Nd4 36. Ne3 c3 37. Nec2 Nxc2 38. Nxc2 Kc7 39. Kf3
Kd6 40. Ke4 Kc5 41. Kd3 b4 42. Nd4 g4 43. Nb3+ Kb5 44. Nd4+ Kb6 45. Kc4 f6 46.
Nc2 Kc6 47. Nd4+ Kd6 48. Kb5 Kd5 49. Nc2 f5 50. Kxa5 f4 51. Kxb4 Ke4 52. a4 Kd3
53. Ne1+ Kd2 54. gxf4 Kxe1 55. Kxc3 Kxf2 56. f5 Kg2 57. f6 Kxh2 58. f7 g3 59.
f8=Q g2 60. Qf2 Kh1 61. Qh4+ Kg1 62. Qxh7 Kf2 63. Qg6 1-0

[Event "13. Hogeschool Zeeland Tournament"]
[Site "Vlissingen NED"]
[Date "2009.08.03"]
[Round "4.50"]
[White "De Bock, Rien"]
[Black "Roobol, Martin"]
[Result "0-1"]
[WhiteElo "1563"]
[BlackElo "2342"]
[PlyCount "68"]
[EventDate "2009.08.01"]
[EventType "swiss"]
[EventRounds "9"]
[EventCountry "NED"]
[Source "lmi"]
[SourceDate "2009.08.01"]

1. e4 g6 2. d4 Bg7 3. Nc3 d6 4. Bc4 a6 5. a4 Nc6 6. Be3 e5 7. Nge2 Nf6 8. f3
exd4 9. Nxd4 Ne5 10. Bb3 O-O 11. Qd2 Re8 12. Bh6 Bh8 13. O-O-O Bd7 14. h4 b5
15. h5 c5 16. Nf5 Bxf5 17. exf5 c4 18. hxg6 fxg6 19. Ba2 Nf7 20. fxg6 hxg6 21.
Nd5 Nxd5 22. Qxd5 Re5 23. Qd2 Qe7 24. Bf4 Re6 25. Qd5 Rb8 26. c3 Bg7 27. Bb1 b4
28. Be4 bxc3 29. bxc3 Qf6 30. Bd2 Re5 31. Qxc4 Rc5 32. Qa2 Rxc3+ 33. Bxc3 Qxc3+
34. Bc2 Rb2 0-1

[Event "13. Hogeschool Zeeland Tournament"]
[Site "Vlissingen NED"]
[Date "2009.08.04"]
[Round "5.2"]
[White "Hoffmann, Michael"]
[Black "Van den Doel, Erik"]
[Result "1/2-1/2"]
[WhiteElo "2502"]
[BlackElo "2590"]
[PlyCount "35"]
[EventDate "2009.08.01"]
[EventType "swiss"]
[EventRounds "9"]
[EventCountry "NED"]
[Source "lmi"]
[SourceDate "2009.08.01"]

1. d4 Nf6 2. c4 e6 3. g3 Bb4+ 4. Bd2 Qe7 5. Nf3 Nc6 6. Nc3 Bxc3 7. Bxc3 Ne4 8.
Rc1 O-O 9. Bg2 d6 10. d5 Nxc3 11. Rxc3 Nd8 12. dxe6 Nxe6 13. O-O Bd7 14. Nd4
Nxd4 15. Qxd4 Bc6 16. Bxc6 bxc6 17. c5 d5 18. Re3 1/2-1/2

[Event "13. Hogeschool Zeeland Tournament"]
[Site "Vlissingen NED"]
[Date "2009.08.04"]
[Round "5.3"]
[White "Zaragatski, Ilja"]
[Black "Khairullin, Ildar"]
[Result "1/2-1/2"]
[WhiteElo "2472"]
[BlackElo "2602"]
[PlyCount "50"]
[EventDate "2009.08.01"]
[EventType "swiss"]
[EventRounds "9"]
[EventCountry "NED"]
[Source "lmi"]
[SourceDate "2009.08.01"]

1. Nf3 c5 2. g3 Nc6 3. d4 cxd4 4. Nxd4 g6 5. Bg2 Bg7 6. Nb3 d6 7. e4 Nf6 8. h3
Be6 9. Nc3 Bc4 10. Be3 O-O 11. Qd2 Re8 12. O-O-O b5 13. f4 Qc8 14. Kb1 a5 15.
Nd4 Nxd4 16. Bxd4 e5 17. fxe5 dxe5 18. Be3 Ra6 19. g4 b4 20. Nd5 Nxd5 21. exd5
Rd6 22. b3 Bb5 23. Qf2 e4 24. Bd4 Rxd5 25. Bxg7 Rxd1+ 1/2-1/2